Maia / (Record no. 29386)

MARC details
000 -LEADER
fixed length control field 02417cam a2200445Ii 4500
001 - CONTROL NUMBER
control field sky296836743
003 - CONTROL NUMBER IDENTIFIER
control field SKY
005 - DATE AND TIME OF LATEST TRANSACTION
control field 20240317221748.0
008 - FIXED-LENGTH DATA ELEMENTS--GENERAL INFORMATION
fixed length control field 150123s2013 mx a j 000 1 spa d
020 ## - INTERNATIONAL STANDARD BOOK NUMBER
International Standard Book Number 9786074637571
020 ## - INTERNATIONAL STANDARD BOOK NUMBER
International Standard Book Number 6074637571
040 ## - CATALOGING SOURCE
Original cataloging agency HCO
Language of cataloging eng
Description conventions rda
Transcribing agency HCO
Modifying agency OCLCF
-- CHILD
-- QQ3
041 0# - LANGUAGE CODE
Language code of text/sound track or separate title spa
100 1# - MAIN ENTRY--PERSONAL NAME
Personal name Diaz, Gloria Cecilia,
Relator term author.
245 10 - TITLE STATEMENT
Title Maia /
Statement of responsibility, etc. Gloria Cecilia Diaz ; ilustraciones de Jose Rosero.
250 ## - EDITION STATEMENT
Edition statement Primera edicion.
260 ## - PUBLICATION, DISTRIBUTION, ETC. (IMPRINT)
Place of publication, distribution, etc. Mexico, D. F. :
Name of publisher, distributor, etc. Ediciones Castillo, Grupo Macmillan ;
Date of publication, distribution, etc. c2013.
264 #1 - PRODUCTION, PUBLICATION, DISTRIBUTION, MANUFACTURE, AND COPYRIGHT NOTICE
Place of production, publication, distribution, manufacture Mexico, D. F. :
Name of producer, publisher, distributor, manufacturer Ediciones Castillo, Grupo Macmillan ;
Date of production, publication, distribution, manufacture, or copyright notice 2013.
264 #4 - PRODUCTION, PUBLICATION, DISTRIBUTION, MANUFACTURE, AND COPYRIGHT NOTICE
Date of production, publication, distribution, manufacture, or copyright notice c2013.
300 ## - PHYSICAL DESCRIPTION
Extent 39 pages :
Other physical details illustrations ;
Dimensions 19 cm.
336 ## - CONTENT TYPE
Content type term text
Content type code txt
Source rdacontent.
337 ## - MEDIA TYPE
Media type term unmediated
Media type code n
Source rdamedia.
338 ## - CARRIER TYPE
Carrier type term volume
Carrier type code nc
Source rdacarrier.
520 ## - SUMMARY, ETC.
Summary, etc. La gata Ioda, mascota de Maia, sufre un accidente en la calle y despues de ser examinada por el veterinario, decide amputarle una pata. Maia piensa que la papa de Ioda volvera a crecer y se niega a aceptar su cojera. En la escuela, Maia conoce a Matias, un nuevo companero con una discapacidad fisica. El es alegre y desenvuelto, a pesar de su condicion. Sera posible que pase algo similar con Ioda?"--Pagina 4 de la portada.
520 ## - SUMMARY, ETC.
Summary, etc. Maia's pet cat, Ioda, suffers from an accident on the street. After being examined by the vet, it is decided that the cat's leg needs to be amputated. Maia thinks that Ioda's leg will start growing again and she will not accept her lameness. At school Maia meets Matias, a new classmate with a physical disability. He is happy and jaunty, in spite of his condition. Would it be possible that something similar could happen to Ioda?
521 1# - TARGET AUDIENCE NOTE
Target audience note Edad lectora 8+.
546 ## - LANGUAGE NOTE
Language note In Spanish.
650 #0 - SUBJECT ADDED ENTRY--TOPICAL TERM
Topical term or geographic name as entry element Cats
Form subdivision Juvenile fiction.
650 #0 - SUBJECT ADDED ENTRY--TOPICAL TERM
Topical term or geographic name as entry element Human-animal relationships
Form subdivision Juvenile fiction.
650 #0 - SUBJECT ADDED ENTRY--TOPICAL TERM
Topical term or geographic name as entry element Animals with disabilities
Form subdivision Juvenile fiction.
650 #0 - SUBJECT ADDED ENTRY--TOPICAL TERM
Topical term or geographic name as entry element Children with disabilities
Form subdivision Juvenile fiction.
650 #7 - SUBJECT ADDED ENTRY--TOPICAL TERM
Topical term or geographic name as entry element Gatos
Form subdivision Novela juvenil.
Source of heading or term bidex.
650 #7 - SUBJECT ADDED ENTRY--TOPICAL TERM
Topical term or geographic name as entry element Relaciones de amistad entre animales y seres humanos
Form subdivision Novela juvenil.
Source of heading or term bidex.
650 #7 - SUBJECT ADDED ENTRY--TOPICAL TERM
Topical term or geographic name as entry element Ninos discapacitados
Form subdivision Novela juvenil.
Source of heading or term bidex.
655 #0 - INDEX TERM--GENRE/FORM
Genre/form data or focus term Spanish language materials.
655 #7 - INDEX TERM--GENRE/FORM
Genre/form data or focus term Libros de lectura elementales.
Source of term bidex.
700 1# - ADDED ENTRY--PERSONAL NAME
Personal name Rosero, Jose,
Relator term illustrator.
830 #0 - SERIES ADDED ENTRY--UNIFORM TITLE
Uniform title Castillo de la lectura.
Name of part/section of a work Serie verde.
942 ## - ADDED ENTRY ELEMENTS (KOHA)
Koha item type Libro/Book
Source of classification or shelving scheme Dewey Decimal Classification
Holdings
Withdrawn status Lost status Damaged status Not for loan Home library Current library Date acquired Inventory number Total Checkouts Full call number Barcode Date last seen Price effective from Koha item type
        San Juan Del Sur -- Mobile San Juan Del Sur -- Mobile 04/03/2024 Inventory date: 1-2-25   JI 33016121 04/03/2024 04/03/2024 Libro/Book

Powered by Koha